000 00851cab a2200193 4500
001 X1237
008 090401t xxu||||| |||| 00| 0 eng d
035 _a(Sirsi) u15724
041 _aeng
245 _aBenn v Hardinge
350 _a0
490 _aProperty and Compensation Reports
_v66 P&CR 246-262(17)
520 _aCA 7 October 1993. Right of way - carriageway - whether right granted impliedly by an enclosure award where there was no separate express grant of right of way - no other purpose in laying out of carriageway in enclosure award but for the benefit of adjacent property owners - in any event whether right impliedly abandoned - not used for 175 years. (Taken from journal headnote.)
650 _aENCLOSURE AWARDS
650 _aRIGHT OF WAYS
690 _aHIGHWAYS AND RIGHTS OF WAY-CASE LAW
942 _n0
948 _c04/03/1997
999 _c10337
_d10337